00509nam a2200121Ia 450000500170000000800410001708200130005810000140007124500510008526000400013630000130017650001980018920241009032529.0240331s9999 xx 000 0 und d bPERa820 aPerera, I 0aFate of the old devil dancer and other stories aKelaniyabSiriniketha Gardensc1995 a53 p .,  aMost of the stories written here are based on the true incidents recorded at the Coroners Courts in Sri Lanka. The Characters in these stories bear no relationship to any person living or Dead.